| 000 | 00564nam a2200193 a 4500 | ||
|---|---|---|---|
| 005 | 20140310183516.0 | ||
| 008 | 110104s19uu xx 00 eng d | ||
| 020 | _a9780156027342 | ||
| 050 |
_aBF 723.A35 _b.Si56 2002 |
||
| 100 | _aSimmons, Rachel | ||
| 245 |
_aOdd girl out : _bthe hidden culture of aggression in girls. _cRachel Simmons. |
||
| 260 |
_aFlorida : _bHarvest Books, _c2002. |
||
| 300 |
_a301 p. : _c21 cm. |
||
| 521 | _aPSYCH | ||
| 650 | _aAggressiveness in children. | ||
| 650 | _aGirls-Psycholgy. | ||
| 942 |
_cBK _2lcc _kFOR |
||
| 999 |
_c24306 _d24306 |
||